| 000 | 00853cam a2200277 i 4500 | ||
|---|---|---|---|
| 999 |
_c8192 _d8192 |
||
| 003 | OSt | ||
| 005 | 20200811161624.0 | ||
| 008 | 141107s2015 enk b 001 0 eng | ||
| 010 | _a 2014044142 | ||
| 020 | _a9781138017351 (pbk : alk. paper) | ||
| 020 | _z9781315708867 (ebk) | ||
| 042 | _apcc | ||
| 043 | _ae-uk--- | ||
| 050 | 0 | 0 |
_aTH438.15 _b.A83 2015 |
| 082 | 0 | 0 |
_a690.068/1 _223 |
| 100 | 1 |
_aAshworth, Allan, _eauthor. |
|
| 245 | 1 | 0 |
_aCost studies of buildings / _cAllan Ashworth and Srinath Perera. |
| 250 | _a6th edition. | ||
| 300 |
_axix, 549 pages ; _c25 cm |
||
| 504 | _aIncludes bibliographical references and index. | ||
| 650 | 0 |
_aBuilding _xCost effectiveness. |
|
| 650 | 0 |
_aConstruction industry _zGreat Britain _xFinance. |
|
| 650 | 0 |
_aBuilding _xEstimates _zGreat Britain. |
|
| 700 | 1 |
_aPerera, Srinath, _eauthor. |
|
| 942 | _2ddc | ||